<?xml version="1.0" encoding="UTF-8"?>
<collection xmlns="http://www.loc.gov/MARC21/slim">
 <record>
  <leader>01552cam a2200325 a 4500</leader>
  <controlfield tag="001">EUN.eunm004099</controlfield>
  <controlfield tag="008">091203s2009####cl#a#####b###i000#0#spa##</controlfield>
  <controlfield tag="005">20260327101318.0</controlfield>
  <datafield tag="245" ind1="0" ind2="3">
   <subfield code="a">La sociedad de la información en América Latina y el Caribe :</subfield>
   <subfield code="b">desarrollo de las tecnologías y tecnologías para el desarrollo /</subfield>
   <subfield code="c">Wilson Peres y Martin Hilbert, editores.</subfield>
  </datafield>
  <datafield tag="260" ind1=" " ind2=" ">
   <subfield code="a">Santiago de Chile :</subfield>
   <subfield code="b">Comisión Económica para América Latina y el Caribe (CEPAL),</subfield>
   <subfield code="c">2009.</subfield>
  </datafield>
  <datafield tag="300" ind1=" " ind2=" ">
   <subfield code="a">381 p. :</subfield>
   <subfield code="b">il. ;</subfield>
   <subfield code="c">23 cm.</subfield>
  </datafield>
  <datafield tag="490" ind1="1" ind2=" ">
   <subfield code="a">Libros CEPAL ;</subfield>
   <subfield code="v">98</subfield>
  </datafield>
  <datafield tag="500" ind1=" " ind2=" ">
   <subfield code="a">&quot;Este libro es resultado de un trabajo colectivo emprendido en el marco del Programa Sociedad de la Información y ejecutado por la División de Desarrollo Productivo y Empresarial de la Comisión Económica para América Latina y el Caribe (CEPAL)&quot;--Verso port.</subfield>
  </datafield>
  <datafield tag="500" ind1=" " ind2=" ">
   <subfield code="a">&quot;LC/G. 2363-P&quot;--Verso port.</subfield>
  </datafield>
  <datafield tag="504" ind1=" " ind2=" ">
   <subfield code="a">Incluye referencias bibliográficas (p. 361-381).</subfield>
  </datafield>
  <datafield tag="020" ind1=" " ind2=" ">
   <subfield code="a">9789213231777</subfield>
  </datafield>
  <datafield tag="700" ind1="1" ind2=" ">
   <subfield code="a">Peres, Wilson.</subfield>
   <subfield code="4">edt</subfield>
  </datafield>
  <datafield tag="700" ind1="1" ind2=" ">
   <subfield code="a">Hilbert, Martin R.</subfield>
   <subfield code="4">edt</subfield>
  </datafield>
  <datafield tag="710" ind1="2" ind2=" ">
   <subfield code="a">Naciones Unidas.</subfield>
   <subfield code="b">Comisión económica para América Latina y el Caribe.</subfield>
  </datafield>
  <datafield tag="830" ind1=" " ind2="0">
   <subfield code="a">Libros de la CEPAL ;</subfield>
   <subfield code="v">98</subfield>
  </datafield>
  <datafield tag="043" ind1=" " ind2=" ">
   <subfield code="a">cl-----</subfield>
   <subfield code="a">cc-----</subfield>
  </datafield>
  <datafield tag="082" ind1="0" ind2="4">
   <subfield code="a">301.153</subfield>
   <subfield code="2">15</subfield>
  </datafield>
  <datafield tag="082" ind1="0" ind2="0">
   <subfield code="a">303.48/33098</subfield>
   <subfield code="2">22</subfield>
  </datafield>
  <datafield tag="650" ind1=" " ind2="7">
   <subfield code="a">Ciencias sociales.</subfield>
   <subfield code="2">unbist</subfield>
  </datafield>
  <datafield tag="650" ind1=" " ind2="7">
   <subfield code="a">Sociedad de la información.</subfield>
   <subfield code="2">unbist</subfield>
  </datafield>
  <datafield tag="650" ind1=" " ind2="7">
   <subfield code="a">Tecnología de la información.</subfield>
   <subfield code="2">unbist</subfield>
  </datafield>
  <datafield tag="010" ind1=" " ind2=" ">
   <subfield code="a">  2009481936</subfield>
  </datafield>
  <datafield tag="040" ind1=" " ind2=" ">
   <subfield code="a">DLC</subfield>
   <subfield code="c">DLC</subfield>
   <subfield code="d">DLC</subfield>
  </datafield>
  <datafield tag="050" ind1="0" ind2="0">
   <subfield code="a">HC130.I55</subfield>
   <subfield code="b">S63 2009</subfield>
  </datafield>
  <datafield tag="859" ind1=" " ind2=" ">
   <subfield code="a">AR-BaUNS</subfield>
   <subfield code="b">BIB. CENTRAL - Sector A</subfield>
   <subfield code="h">301.153</subfield>
   <subfield code="i">P415-1</subfield>
   <subfield code="p">122890/012</subfield>
  </datafield>
 </record>
</collection>
